Инфокоммуникационные системы и сети. Основы моделирования: учебное пособие для среднего профессионального образования
| Yazar: | |
|---|---|
| Müşterek Yazar: | |
| Özet: | Заглавие с титульного экрана Данное учебное пособие ориентировано на формирование у студентов навыков и знаний в теории моделирования систем и сетей с целью последующего их анализа и оптимизации с использованием современных компьютерных технологий. В конце глав приведены вопросы, которые позволят на практике освоить теоретический материал. В пособии кратко изложены основы теории моделирования систем, приведены различные виды классификации моделирования и моделей, рассмотрена математическая основа моделирования сетей, средства моделирования сетей, а также разработан практический курс в рамках дисциплины «моделирование сетей ЭВМ и систем телекоммуникаций». Режим доступа: по договору с организацией-держателем ресурса |
| Dil: | Rusça |
| Baskı/Yayın Bilgisi: |
Москва, Изд-во Юрайт, 2021
|
| Konular: | |
| Online Erişim: | https://urait.ru/bcode/495530 |
| Materyal Türü: | MixedMaterials Elektronik Kitap |
| KOHA link: | https://koha.lib.tpu.ru/cgi-bin/koha/opac-detail.pl?biblionumber=665054 |
MARC
| LEADER | 00000nlm0a2200000 4500 | ||
|---|---|---|---|
| 001 | 665054 | ||
| 005 | 20231218163258.0 | ||
| 035 | |a (RuTPU)RU\TPU\network\36253 | ||
| 035 | |a RU\TPU\book\240155 | ||
| 090 | |a 665054 | ||
| 100 | |a 20210630d2021 m y0rusy50 ca | ||
| 101 | 0 | |a rus | |
| 102 | |a RU | ||
| 105 | |a a j 001zy | ||
| 135 | |a drcn ---uucaa | ||
| 200 | 1 | |a Инфокоммуникационные системы и сети. Основы моделирования |e учебное пособие для среднего профессионального образования |f О. М. Замятина | |
| 210 | |a Москва |c Изд-во Юрайт |d 2021 | ||
| 300 | |a Заглавие с титульного экрана | ||
| 330 | |a Данное учебное пособие ориентировано на формирование у студентов навыков и знаний в теории моделирования систем и сетей с целью последующего их анализа и оптимизации с использованием современных компьютерных технологий. В конце глав приведены вопросы, которые позволят на практике освоить теоретический материал. В пособии кратко изложены основы теории моделирования систем, приведены различные виды классификации моделирования и моделей, рассмотрена математическая основа моделирования сетей, средства моделирования сетей, а также разработан практический курс в рамках дисциплины «моделирование сетей ЭВМ и систем телекоммуникаций». | ||
| 333 | |a Режим доступа: по договору с организацией-держателем ресурса | ||
| 606 | 1 | |a Информационные технологии |2 stltpush |3 (RuTPU)RU\TPU\subj\79861 |9 87954 | |
| 610 | 1 | |a электронный ресурс | |
| 610 | 1 | |a труды учёных ТПУ | |
| 610 | 1 | |a учебные пособия | |
| 610 | 1 | |a компьютерное моделирование | |
| 610 | 1 | |a моделирование систем | |
| 610 | 1 | |a теория вероятностей | |
| 610 | 1 | |a математическая статистика | |
| 610 | 1 | |a компьютерные сети | |
| 610 | 1 | |a вычислительные сети | |
| 675 | |a 004(075.8) |v 4 | ||
| 700 | 1 | |a Замятина |b О. М. |c специалист в области информатики и вычислительной техники |c доцент Томского политехнического университета, кандидат технических наук |f 1978- |g Оксана Михайловна |9 11473 | |
| 712 | 0 | 2 | |a Национальный исследовательский Томский политехнический университет |b Инженерная школа информационных технологий и робототехники |b Отделение информационных технологий |3 (RuTPU)RU\TPU\col\23515 |
| 801 | 2 | |a RU |b 63413507 |c 20220503 |g RCR | |
| 856 | 4 | |u https://urait.ru/bcode/495530 | |
| 942 | |c CF | ||